Business Communication & Organisation Management (Record no. 1013)

MARC details
000 -LEADER
fixed length control field 00419nam a22001697a 4500
005 - DATE AND TIME OF LATEST TRANSACTION
control field 20160518120018.0
008 - FIXED-LENGTH DATA ELEMENTS--GENERAL INFORMATION
fixed length control field 160518b xxu||||| |||| 00| 0 eng d
020 ## - INTERNATIONAL STANDARD BOOK NUMBER
ISBN 978-81-8478-019-2
041 ## - LANGUAGE CODE
Language code of text/sound track or separate title eng
082 ## - DEWEY DECIMAL CLASSIFICATION NUMBER
Item number 2886
100 ## - MAIN ENTRY--AUTHOR NAME
Personal name Aggar and R.
245 ## - TITLE STATEMENT
Title Business Communication & Organisation Management
260 ## - PUBLICATION, DISTRIBUTION, ETC. (IMPRINT)
Name of publisher Taxmann allied service
300 ## - PHYSICAL DESCRIPTION
Number of Pages 437
650 ## - SUBJECT ADDED ENTRY--TOPICAL TERM
Topical Term Management
942 ## - ADDED ENTRY ELEMENTS (KOHA)
Koha item type Books
Holdings
Lost status Damaged status Collection code Home library Current library Shelving location Date acquired Cost, normal purchase price Full call number Accession Number Koha item type
    MANAGEMENT JRU Library JRU Library SHELF-62 -L 29/04/2026 295.00 2886 2886 Books
    MANAGEMENT JRU Library JRU Library SHELF-62 -L 29/04/2026 295.00 2886 2887 Books
    MANAGEMENT JRU Library JRU Library SHELF-62 -K 18/05/2016 295.00 2886 2888 Books
    LIFE SKILL JRU Library JRU Library SHELF-46-F 18/05/2016 295.00 2886 2889 Books
    MANAGEMENT JRU Library JRU Library SHELF-62 -K 18/05/2016 295.00 2886 2890 Books
    MANAGEMENT JRU Library JRU Library SHELF-62 -L 29/04/2026 295.00 2886 2891 Books
    MANAGEMENT JRU Library JRU Library SHELF-62 -K 18/05/2016 295.00 2886 2892 Books